000
00326 a2200157 4500
001
58278
020
_a
8508045409
040
_c
Anchieta - Pituba
100
_a
Alencar, José de
240
1
0
_a
Encarnação
_l
por
245
1
0
_a
Encarnação
300
_a
88
362
0
_a
1997
650
4
_a
Ficção brasileira
942
_c
BK
999
_c
58278
_d
58278